00498nam a2200145Ia 450000500170000000800410001702000180005808200190007610000230009524500280011826000370014630000140018350001380019765000170033520250728154342.0250728s9999 xx 000 0 und d a9780521882286 a949.51202bKAL aKaldellis, Anthony 4aThe Christian Parthenon bCambridge University Pressc2009 a253 pages aExamines the history of Byzantine Athens, and especially the Parthenon, which became a Christian church and major site of pilgrimage. aArchitecture